Stations du groupe Radio France - Statistiques

Statistiques générales
  • Ce quiz a été pris 196 fois
  • Le résultat moyen est 5 sur 8
Statistiques - réponses
Par images Hint Réponse % Correct
France Inter
89%
France Bleu
88%
France Info
85%
France Culture
83%
France Musique
61%
FIP
43%
Le Mouv'
29%
Jusqu'en 2020 Sophia
5%
Aucun quiz correspondant
Distribution des résultats
% des personnes avec chaque résultat
Percentile par nombre de réponses
Votre historique - résultats
Vous n’avez pas pris ce quiz